| 000 | 00431nam a2200181 a 4500 | ||
|---|---|---|---|
| 001 | 837 | ||
| 003 | CO-ViMGA | ||
| 008 | 141112s2004 ck r 000 u spa d | ||
| 040 |
_aCO-ViMGA _bspa _cCO-ViMGA |
||
| 082 | 0 | 4 | _a823.914 D145m |
| 100 | 1 | _aDahl, Roald | |
| 245 | 1 | 0 | _aMi año |
| 260 |
_aMadrid : _bS.M., _c1995 |
||
| 300 | _a137 p | ||
| 490 | _aEl barco de vapor, serie oro | ||
| 650 | 1 | 4 | _aCUENTOS INGLESES |
| 942 |
_2ddc _cBK |
||
| 999 |
_c13072 _d13072 |
||